00622nam a2200169 a 450000500170000000800410001702000180005805000250007610000160010124500830011726000400020030000230024065000230026365000210028699900190030795201260032620140412111359.0060126s19uu xx 00 eng d a0-590-31682-6 aTR(PS EbHo83sa 2000 aYolen, Jane aHow do dinosaurs say goodnight? /cby Jane Yolen ; illustrated by Mark Teague. aNew York :bScholastic Inc.,c2000. a1 v. (unp.) ; ill. aDinosaursxFiction aChildren stories c105446d105446 00104050aELbELcTRd2006-01-26eDonationg190.00l0oTR(PS E Ho83sa 2000pE10150r2014-04-12 00:00:00w2014-04-12yBK